000 00254nam a2200109Ia 4500
005 20251222175819.0
008 251222s9999||||xx |||||||||||||| ||spa||
082 _aDVD0070/V17/1954
245 0 _aMarcelino pan y vino
264 _bChamartín
942 _cDVD
999 _c40443
_d40443